000
00271nam a2200121Ia 4500
008
190216s9999||||xx |||||||||||||| ||und||
100
_a
Thampy V A
245
0
_a
Onnamoozham
260
_b
Current Books
_c
1996
300
_a
151p
650
_a
Malayalam Novel
942
_c
BK
999
_c
27373
_d
27373